000 00664nam a22001817a 4500
005 20251112102323.0
008 251112b |||||||| |||| 00| 0 eng d
020 _aN/A
040 _c.
082 _a361,4 A495 1986
100 _aأحمد ,محمد شمس الدين
245 _aالعمل مع الجماعات في محيط الخدمة الاجتماعية :
_b/
_cمحمد شمس الدين أحمد
250 _a1 ط
260 _bمصر , القاهرة , المؤلف , 1986
300 _a367 ص
_c25 سم
650 _zالخدمة الاجتماعية | العمل الجماعي | الإشراف | خدمة الجماعة
942 _2ddc
_cBK-AR
_n0
999 _c8094
_d8094